000 00921nam a2200253 i 4500
001 169086
003 ES-MaACL
005 20250812062535.0
008 080807s19541954sp |||| | spa d
080 _a94(460)
100 1 _aMontes, Eugenio,
_d1897-1982
_9227206
245 1 0 _aDiscurso a la catolicidad española /
_cEugenio Montes.
260 _aMadrid :
_bAteneo,
_c1954.
300 _a45 p. :
_b1 lam. ;
_c19 cm.
490 1 _aColección "O crece o muere" ;
_v71
500 _aEl original de este cuaderno fué publicado por primera vez en los números 50 (1 de abril de 1934) y 58-9 (1 de agosto de 1934) de Acción Española.
651 4 _aEspaña-
_xHistoria.
_98209
710 2 _aAteneo de Madrid.
_91875
830 0 0 _aColección "O crece o muere"
_v71
_9183476
852 _aES-MaACL
_9175699
_jJ-24(71)
_cDEPO2
852 _aES-MaACL
_9175698
_jJ-25(71)
_cDEPO2
942 _2udc
999 _c169086
_d169086